[Event "SRB-chT 2nd League"]
[Site "Novi Sad"]
[Date "2023.11.08"]
[Round "9.5"]
[White "Stikovic, Dobrica"]
[Black "Juhasz, Bencze"]
[Result "0-1"]
[WhiteElo "2162"]
[BlackElo "2210"]
[PlyCount "134"]
[EventDate "2023.11.02"]
[EventType "team-tourn"]
[EventRounds "11"]
[EventCountry "SRB"]
[SourceTitle "CB46_2023"]
[SourceDate "2023.11.15"]
[SourceVersion "1"]
[SourceVersionDate "2023.11.15"]
[SourceQuality "1"]
[WhiteTeam "Novi Sad Vojvodina"]
[BlackTeam "Lajos Segi Bajsa"]
[WhiteTeamCountry "SRB"]
[BlackTeamCountry "SRB"]

1. Nf3 Nf6 2. c4 g6 3. Nc3 Bg7 4. g3 0-0 5. Bg2 d6 6. 0-0 Nc6 7. d4 e5 8. h3 exd4 9. Nxd4 Nxd4 10. Qxd4 Nd7 11. Qd2 a5 12. Qc2 Nc5 13. Bd2 Re8 14. e4 c6 15. Rad1 Qb6 16. Be3 Qb4 17. Rxd6 Na4 18. Nxa4 Qxd6 19. Nb6 Ra6 20. c5 Qf6 21. b3 Be6 22. Rd1 Qb2 23. Qxb2 Bxb2 24. Bf1 Ra7 25. Kg2 Bf6 26. f4 Bd8 27. Nc4 Bc7 28. Nd6 Rd8 29. e5 a4 30. Bc4 axb3 31. Bxe6 fxe6 32. axb3 Ra3 33. Rd3 Kf8 34. Kf3 Rd7 35. g4 Bxd6 36. exd6 Ke8 37. Ke4 Rf7 38. Bd4 Kd7 39. h4 Ra2 40. Rh3 Re2+ 41. Be3 Rg2 42. g5 Rb2 43. Bd4 Rb1 44. h5 gxh5 45. Rxh5 Rxb3 46. Rh2 Rb4 47. Ke3 Rb5 48. Ra2 Rb3+ 49. Ke4 Rb4 50. Ke3 Rb3+ 51. Ke4 Rb4 52. Ke3 Rxf4 53. Kxf4 Rxd4+ 54. Kf3 Rd5 55. Rh2 Rxc5 56. Rxh7+ Kxd6 57. Kg4 b5 58. g6 Rc1 59. Kg5 b4 60. Rh4 Rg1+ 61. Kf6 c5 62. g7 b3 63. Re4 Rxg7 64. Kxg7 b2 65. Re1 c4 66. Kf6 c3 67. Rb1 Kd5 0-1

[Event "SRB-chT 2nd League"]
[Site "Vrnjacka Banja"]
[Date "2022.11.10"]
[Round "10.4"]
[White "Nevednichy, Vladislav"]
[Black "Juhasz, Bencze"]
[Result "1-0"]
[WhiteElo "2499"]
[BlackElo "2204"]
[PlyCount "103"]
[EventDate "2022.11.04"]
[EventType "team-tourn"]
[EventRounds "11"]
[EventCountry "SRB"]
[SourceTitle "CBM 211 Extra"]
[Source "ChessBase"]
[SourceDate "2023.01.31"]
[SourceVersion "1"]
[SourceVersionDate "2023.01.31"]
[SourceQuality "1"]
[WhiteTeam "Mladenovo"]
[BlackTeam "Senta"]
[WhiteTeamCountry "SRB"]
[BlackTeamCountry "SRB"]

1. e4 c5 2. Nf3 d6 3. d4 cxd4 4. Nxd4 Nf6 5. Nc3 a6 6. h3 e5 7. Nde2 h5 8. Bg5 Be6 9. g3 Nbd7 10. Bg2 b5 11. a4 b4 12. Nd5 Bxd5 13. exd5 a5 14. c3 bxc3 15. Nxc3 Be7 16. Nb5 0-0 17. 0-0 Re8 18. Rc1 Rf8 19. Rc6 Ne8 20. Bxe7 Qxe7 21. Qxh5 Nc5 22. Qd1 Rd8 23. Qc2 e4 24. Re1 f5 25. Nxd6 Nxd6 26. Qxc5 Rfe8 27. Qxa5 Qe5 28. Qd2 Nf7 29. Rd1 Qb8 30. Qc3 e3 31. f4 Qa7 32. Re1 e2+ 33. Kh2 Rxd5 34. Bxd5 Qf2+ 35. Bg2 Re3 36. Qxe3 Qxe3 37. Rc2 g5 38. Rcxe2 Qd4 39. fxg5 f4 40. g6 fxg3+ 41. Kxg3 Qd6+ 42. Kf2 Qxg6 43. Kg1 Nd6 44. a5 Nf5 45. Re4 Qf7 46. Re5 Qa7+ 47. Kh1 Qf2 48. a6 Ng3+ 49. Kh2 Qf4 50. Re8+ Kh7 51. R1e7+ Kh6 52. Rh8+ 1-0

[Event "Battle of Senta op 24th"]
[Site "Senta"]
[Date "2020.07.18"]
[Round "9"]
[White "Cuzovic, Ognjen"]
[Black "Juhasz, Bencze"]
[Result "0-1"]
[WhiteElo "1839"]
[BlackElo "2215"]
[PlyCount "56"]
[EventDate "2020.07.11"]
[EventType "swiss"]
[EventRounds "9"]
[EventCountry "SRB"]
[SourceTitle "CBM 197 Extra"]
[Source "ChessBase"]
[SourceDate "2020.09.30"]
[SourceVersion "1"]
[SourceVersionDate "2020.09.30"]
[SourceQuality "1"]

1. d4 Nf6 2. c4 g6 3. Nc3 Bg7 4. e4 0-0 5. Nf3 d6 6. Be2 e5 7. d5 a5 8. 0-0 Na6 9. Bg5 Bd7 10. a3 Qe8 11. Nd2 h5 12. f3 Nh7 13. Be3 f5 14. Rb1 f4 15. Bf2 g5 16. b4 Qg6 17. h3 Nf6 18. c5 g4 19. hxg4 hxg4 20. fxg4 Bxg4 21. cxd6 cxd6 22. bxa5 Rf7 23. Nb5 Bf8 24. Bh4 Qh5 25. Bxg4 Nxg4 26. Qe1 Rh7 27. Nf3 Be7 28. a4 Nc5 0-1

[Event "Battle of Senta op 24th"]
[Site "Senta"]
[Date "2020.07.16"]
[Round "7"]
[White "Juhasz, Bencze"]
[Black "Kostic, Milutin B"]
[Result "0-1"]
[WhiteElo "2215"]
[BlackElo "2144"]
[PlyCount "66"]
[EventDate "2020.07.11"]
[EventType "swiss"]
[EventRounds "9"]
[EventCountry "SRB"]
[SourceTitle "CBM 197 Extra"]
[Source "ChessBase"]
[SourceDate "2020.09.30"]
[SourceVersion "1"]
[SourceVersionDate "2020.09.30"]
[SourceQuality "1"]

1. e4 g6 2. h4 d5 3. exd5 Nf6 4. Nc3 Bg7 5. Bc4 Nbd7 6. d3 a6 7. a4 Nb6 8. Qf3 Bf5 9. Bb3 h5 10. Nge2 Bg4 11. Qg3 Bxe2 12. Nxe2 Nbxd5 13. 0-0 e6 14. Re1 Qd6 15. Nf4 0-0-0 16. a5 Rd7 17. Ra4 Bh6 18. Qf3 Nxf4 19. Bxf4 Bxf4 20. Rxf4 Ng4 21. g3 Nh6 22. Ba4 c6 23. Rc4 Rc7 24. d4 Nf5 25. c3 Qd5 26. Qd3 Qxa5 27. Re5 Qb6 28. Rb4 Qa7 29. Ra5 Rd8 30. Bb3 c5 31. Rc4 b5 32. Rca4 bxa4 33. Rxa6 Qb7 0-1

[Event "Battle of Senta op 24th"]
[Site "Senta"]
[Date "2020.07.12"]
[Round "3"]
[White "Juhasz, Bencze"]
[Black "Balla, Tamas Kristof"]
[Result "0-1"]
[WhiteElo "2215"]
[BlackElo "2348"]
[PlyCount "56"]
[EventDate "2020.07.11"]
[EventType "swiss"]
[EventRounds "9"]
[EventCountry "SRB"]
[SourceTitle "CBM 197 Extra"]
[Source "ChessBase"]
[SourceDate "2020.09.30"]
[SourceVersion "1"]
[SourceVersionDate "2020.09.30"]
[SourceQuality "1"]

1. e4 c5 2. Nf3 e6 3. d4 cxd4 4. Nxd4 a6 5. Nc3 Qc7 6. Bd3 Nc6 7. Nb3 Nf6 8. f4 d6 9. g4 b5 10. g5 Nd7 11. Qg4 Nc5 12. Be3 Nb4 13. Nxc5 dxc5 14. a3 Nxd3+ 15. cxd3 Bb7 16. 0-0 Rd8 17. Rad1 Bd6 18. Rf3 h5 19. gxh6 Rxh6 20. Rg3 g6 21. Re1 Rh5 22. Rc1 Be7 23. d4 cxd4 24. Nd5 Qd6 25. Nxe7 Qxe7 26. f5 exf5 27. exf5 Rh4 28. Qg5 Qe4 0-1

[Event "HUN-chT2 Maroczy 1819"]
[Site "Hungary"]
[Date "2019.03.31"]
[Round "10.2"]
[White "To, Nhat Minh"]
[Black "Juhasz, Bencze"]
[Result "1-0"]
[WhiteElo "2352"]
[BlackElo "2211"]
[PlyCount "67"]
[EventDate "2018.09.23"]
[EventType "team-tourn"]
[EventRounds "11"]
[EventCountry "HUN"]
[SourceTitle "EXT 2021"]
[Source "ChessBase"]
[SourceDate "2020.10.23"]
[SourceVersion "1"]
[SourceVersionDate "2020.10.23"]
[SourceQuality "1"]
[WhiteTeam "Szigetszentmiklos"]
[BlackTeam "Szeged Maroczy II"]
[WhiteTeamCountry "HUN"]
[BlackTeamCountry "HUN"]

1. d4 Nf6 2. c4 g6 3. Nc3 Bg7 4. e4 d6 5. f3 0-0 6. Be3 a6 7. Qd2 c6 8. Bd3 e5 9. d5 Nbd7 10. Nge2 Ne8 11. 0-0 c5 12. a3 f5 13. exf5 gxf5 14. f4 e4 15. Bc2 Nef6 16. h3 Qe8 17. b4 b6 18. Rab1 Kh8 19. a4 Rg8 20. a5 Bf8 21. Rf2 bxa5 22. bxc5 dxc5 23. Na4 Qh5 24. Kf1 Qh4 25. d6 Ra7 26. Rd1 Rg6 27. Qxa5 Nh5 28. Nxc5 Ng3+ 29. Nxg3 Rxg3 30. Nxd7 Rxd7 31. Qxf5 Rd8 32. d7 Bxd7 33. Rxd7 Rxe3 34. Qe5+ 1-0

[Event "Senta op 22nd"]
[Site "Senta"]
[Date "2018.07.20"]
[Round "8"]
[White "Otawa, Yuto"]
[Black "Juhasz, Bencze"]
[Result "1/2-1/2"]
[WhiteElo "2140"]
[BlackElo "2178"]
[PlyCount "140"]
[EventDate "2018.07.14"]
[EventType "swiss"]
[EventRounds "9"]
[EventCountry "SRB"]
[SourceTitle "CBM 185 Extra"]
[Source "ChessBase"]
[SourceDate "2018.07.29"]
[SourceVersion "1"]
[SourceVersionDate "2018.07.29"]
[SourceQuality "1"]

1. d4 Nf6 2. c4 g6 3. Nc3 Bg7 4. e4 d6 5. f3 0-0 6. Be3 e5 7. Nge2 c6 8. Qd2 Nbd7 9. d5 cxd5 10. cxd5 a6 11. g4 h5 12. h3 b5 13. Bg5 Qa5 14. Nd1 Qxd2+ 15. Kxd2 Nc5 16. Ng3 Nh7 17. Be7 Re8 18. Bxd6 Nb7 19. Bc7 h4 20. Ne2 Ng5 21. Bg2 Bd7 22. Nf2 Bh6 23. f4 exf4 24. Bxf4 Nd6 25. Kd1 Nc4 26. Nd3 f6 27. b3 Ne5 28. Nxe5 fxe5 29. Be3 Kh7 30. Kd2 Nf7 31. Rhf1 Bxe3+ 32. Kxe3 Kg7 33. Rac1 Rac8 34. Rxc8 Rxc8 35. Rc1 Kf6 36. Rxc8 Bxc8 37. Nc1 Ke7 38. Nd3 Kd6 39. b4 Nd8 40. Nc5 Kc7 41. Bf1 Kb6 42. Kd2 g5 43. a4 Nf7 44. Kc3 Nd6 45. axb5 axb5 46. Be2 Kc7 47. Kd2 Kd8 48. Ke3 Bd7 49. Nb3 Kc7 50. Na5 Kb6 51. Nb3 Kc7 52. Nd2 Nf7 53. Nf3 Kd6 54. Kd3 Be8 55. Kc3 Bd7 56. Kd2 Ke7 57. Ke3 Kd6 58. Ne1 Kc7 59. Nd3 Bc8 60. Kf3 Bd7 61. Nc5 Nd6 62. Ke3 Bc8 63. Kf3 Bd7 64. Nb3 Bc8 65. Ke3 Bd7 66. Nc5 Bc8 67. Bd3 Bd7 68. Na6+ Kb7 69. Nc5+ Kc7 70. Be2 Bc8 1/2-1/2

[Event "Senta op 22nd"]
[Site "Senta"]
[Date "2018.07.16"]
[Round "4"]
[White "Ljepic, Andrej"]
[Black "Juhasz, Bencze"]
[Result "0-1"]
[WhiteElo "1940"]
[BlackElo "2178"]
[PlyCount "56"]
[EventDate "2018.07.14"]
[EventType "swiss"]
[EventRounds "9"]
[EventCountry "SRB"]
[SourceTitle "CBM 185 Extra"]
[Source "ChessBase"]
[SourceDate "2018.07.29"]
[SourceVersion "1"]
[SourceVersionDate "2018.07.29"]
[SourceQuality "1"]

1. e4 c5 2. Nf3 d6 3. Bb5+ Nd7 4. c4 Ngf6 5. Nc3 e6 6. 0-0 a6 7. Ba4 Be7 8. d3 0-0 9. a3 Qc7 10. h3 Rd8 11. Bf4 Ne5 12. Nh2 d5 13. Bxe5 Qxe5 14. Nf3 Qc7 15. e5 Nd7 16. Qe2 b5 17. Bb3 bxc4 18. dxc4 d4 19. Nb1 d3 20. Qe3 Rb8 21. Nbd2 Bb7 22. Rae1 Bc6 23. Ba2 Rxb2 24. Bb1 Nf8 25. Bxd3 Ng6 26. Rb1 Ra2 27. Be4 Bxe4 28. Qxe4 Raxd2 0-1

[Event "Vojvodina-chT"]
[Site "Novi Sad"]
[Date "2017.11.18"]
[Round "7.5"]
[White "Kovacevic, Dragan"]
[Black "Juhasz, Bencze"]
[Result "1-0"]
[WhiteElo "2244"]
[BlackElo "2154"]
[PlyCount "73"]
[EventDate "2017.11.13"]
[EventType "team-tourn"]
[EventRounds "11"]
[EventCountry "SRB"]
[SourceTitle "CBM 181 Extra"]
[Source "ChessBase"]
[SourceDate "2017.12.12"]
[SourceVersion "1"]
[SourceVersionDate "2017.12.12"]
[SourceQuality "1"]
[WhiteTeam "Stara Pazova"]
[BlackTeam "Senta"]
[WhiteTeamCountry "SRB"]
[BlackTeamCountry "SRB"]

1. e4 c5 2. Nf3 d6 3. Bb5+ Nd7 4. 0-0 Ngf6 5. Re1 a6 6. Bf1 g6 7. c3 Bg7 8. d4 0-0 9. h3 b5 10. e5 Ne8 11. Bg5 dxe5 12. dxc5 Bb7 13. b4 Nc7 14. a4 h6 15. Bd2 Bc6 16. axb5 axb5 17. Na3 Qb8 18. Nc2 f5 19. Rxa8 Qxa8 20. c4 Rd8 21. Ne3 e4 22. Nh4 Ne5 23. Qc2 e6 24. Bc3 Nd3 25. Ra1 Qb7 26. Nxg6 Kf7 27. Bxg7 Kxg7 28. Ne7 Be8 29. Qc3+ Kf7 30. N7xf5 exf5 31. Nxf5 Ne6 32. Qh8 Kg6 33. Nh4+ Kg5 34. Bxd3 Ng7 35. Bxe4 Qxe4 36. Qxg7+ Kxh4 37. Qf6+ 1-0

[Event "Senta op 21st"]
[Site "Senta"]
[Date "2017.07.29"]
[Round "6"]
[White "Juhasz, Bencze"]
[Black "Toth, Kazmer"]
[Result "1/2-1/2"]
[WhiteElo "2158"]
[BlackElo "1924"]
[PlyCount "44"]
[EventDate "2017.07.24"]
[EventType "swiss"]
[EventRounds "9"]
[EventCountry "SRB"]
[SourceTitle "CBM 179 Extra"]
[Source "ChessBase"]
[SourceDate "2017.08.23"]
[SourceVersion "1"]
[SourceVersionDate "2017.08.23"]
[SourceQuality "1"]

1. e4 d6 2. d4 g6 3. Nc3 Bg7 4. Be3 Nf6 5. f3 c6 6. Qd2 a5 7. Nge2 Nbd7 8. Bh6 Bxh6 9. Qxh6 b5 10. g4 b4 11. Nd1 Ba6 12. Ng3 Bxf1 13. Kxf1 e5 14. g5 Nh5 15. Nxh5 gxh5 16. Qg7 Ke7 17. dxe5 dxe5 18. Ne3 Qg8 19. Nf5+ Ke8 20. Rd1 Ra7 21. Nd6+ Ke7 22. Nf5+ Ke8 1/2-1/2

[Event "Senta-ch"]
[Site "Senta"]
[Date "2017.02.19"]
[Round "9"]
[White "Vranic, Ljubomir"]
[Black "Juhasz, Bencze"]
[Result "1-0"]
[WhiteElo "2185"]
[BlackElo "2153"]
[PlyCount "111"]
[EventDate "2017.01.20"]
[EventType "swiss"]
[EventRounds "9"]
[EventCountry "SRB"]
[SourceTitle "EXT 2018"]
[Source "ChessBase"]
[SourceDate "2017.10.13"]
[SourceVersion "1"]
[SourceVersionDate "2017.10.13"]
[SourceQuality "1"]

1. d4 Nf6 2. c4 g6 3. Nc3 Bg7 4. Bg5 0-0 5. e3 d6 6. Nf3 Nbd7 7. Be2 h6 8. Bh4 Re8 9. h3 e5 10. dxe5 Nxe5 11. Nxe5 Rxe5 12. Bf3 Be6 13. Bg3 Rc5 14. Rc1 Rxc4 15. Bxb7 Rb8 16. Ba6 Rc5 17. Qd2 Nh5 18. Bh2 Qg5 19. 0-0 Bxh3 20. f4 Qxg2+ 21. Qxg2 Bxg2 22. Kxg2 Rxb2+ 23. Ne2 Ra5 24. Bc4 d5 25. Bd3 c5 26. a4 Rd2 27. Rfd1 Rxd1 28. Rxd1 Rxa4 29. Bb5 Rb4 30. Bc6 d4 31. exd4 cxd4 32. Bf3 Nf6 33. Rxd4 Rxd4 34. Nxd4 Bf8 35. Nc6 Bc5 36. Bg3 Nd7 37. Be1 Kf8 38. Bc3 Bd6 39. Bd2 Bc5 40. Bd1 f5 41. Ne5 Nxe5 42. fxe5 g5 43. Bc2 f4 44. Kf3 Ke7 45. Ke4 a5 46. Bxa5 Kf7 47. Ba4 Be7 48. Bc6 Bc5 49. Kf5 Be7 50. Bc3 Bc5 51. e6+ Kf8 52. Bf3 Bd6 53. Bg4 Bc5 54. Kf6 Bd6 55. Kg6 Ke7 56. Bf6+ 1-0

[Event "Senta-ch"]
[Site "Senta"]
[Date "2017.01.21"]
[Round "2"]
[White "Aleksic, Zvonimir"]
[Black "Juhasz, Bencze"]
[Result "0-1"]
[WhiteElo "1883"]
[BlackElo "2153"]
[PlyCount "104"]
[EventDate "2017.01.20"]
[EventType "swiss"]
[EventRounds "9"]
[EventCountry "SRB"]
[SourceTitle "EXT 2018"]
[Source "ChessBase"]
[SourceDate "2017.10.13"]
[SourceVersion "1"]
[SourceVersionDate "2017.10.13"]
[SourceQuality "1"]

1. e4 c5 2. Nc3 d6 3. g3 Nc6 4. Bg2 g6 5. d3 Bg7 6. f4 Nf6 7. Nf3 0-0 8. 0-0 Rb8 9. Rb1 b5 10. a3 a5 11. a4 b4 12. Nb5 Qb6 13. Kh1 c4 14. Qe2 cxd3 15. cxd3 Ba6 16. Be3 Qd8 17. Nbd4 Nxd4 18. Nxd4 Qd7 19. e5 dxe5 20. fxe5 Nd5 21. Bg1 e6 22. Rfc1 Rfc8 23. Nb3 Qxa4 24. Nc5 Qc6 25. Qe4 Bb5 26. d4 Qe8 27. h4 Bc6 28. Qe2 Bh6 29. Re1 Ne7 30. Ne4 Bxe4 31. Bxe4 Qd8 32. h5 Nf5 33. Qd3 Qg5 34. Bxf5 Qxh5+ 35. Kg2 Qxf5 36. Qxf5 gxf5 37. Kf3 b3 38. Be3 Bxe3 39. Rxe3 Rb4 40. d5 exd5 41. e6 Re8 42. exf7+ Kxf7 43. Rd3 d4 44. Rh1 Kg6 45. Rh4 Re3+ 46. Rxe3 dxe3 47. Rxb4 axb4 48. Kxe3 Kg5 49. Kf3 h5 50. Kf2 Kg4 51. Kg2 f4 52. gxf4 Kxf4 0-1

[Event "Senta op 20th"]
[Site "Senta"]
[Date "2016.07.29"]
[Round "9"]
[White "Juhasz, Bencze"]
[Black "Radusinovic, Lazar"]
[Result "0-1"]
[WhiteElo "2165"]
[BlackElo "2361"]
[PlyCount "58"]
[EventDate "2016.07.22"]
[EventType "swiss"]
[EventRounds "9"]
[EventCountry "SRB"]
[SourceTitle "EXT 2017"]
[Source "ChessBase"]
[SourceDate "2016.10.25"]
[SourceVersion "1"]
[SourceVersionDate "2016.10.25"]
[SourceQuality "1"]

1. e4 c5 2. Nf3 Nc6 3. d4 cxd4 4. Nxd4 e5 5. Nb5 d6 6. N1c3 a6 7. Na3 b5 8. Nd5 Nge7 9. c4 Nd4 10. Be3 Nxd5 11. cxd5 g6 12. Bxd4 exd4 13. Qxd4 Qa5+ 14. Qd2 Qxd2+ 15. Kxd2 Bh6+ 16. Kc2 f5 17. Bd3 0-0 18. f3 fxe4 19. Bxe4 Bf5 20. Rhe1 Rac8+ 21. Kb3 Rc5 22. Re2 Bd7 23. Nc2 a5 24. a3 Rfc8 25. Rd1 Bg7 26. g3 Bf6 27. Nd4 Re8 28. Rc2 a4+ 29. Ka2 Bxd4 0-1

[Event "Senta op 20th"]
[Site "Senta"]
[Date "2016.07.22"]
[Round "1"]
[White "Juhasz, Bencze"]
[Black "Radin, Vladimir"]
[Result "1-0"]
[WhiteElo "2165"]
[BlackElo "1681"]
[PlyCount "57"]
[EventDate "2016.07.22"]
[EventType "swiss"]
[EventRounds "9"]
[EventCountry "SRB"]
[SourceTitle "EXT 2017"]
[Source "ChessBase"]
[SourceDate "2016.10.25"]
[SourceVersion "1"]
[SourceVersionDate "2016.10.25"]
[SourceQuality "1"]

1. e4 c5 2. Nf3 d6 3. d4 cxd4 4. Nxd4 e5 5. Bb5+ Bd7 6. Bxd7+ Nxd7 7. Nf5 Nc5 8. Nc3 g6 9. Ne3 Nf6 10. f3 Nh5 11. 0-0 Qb6 12. Ned5 Qd8 13. f4 exf4 14. Bxf4 Nxf4 15. Qd4 Nxd5 16. Nxd5 Qc8 17. Qxh8 Nxe4 18. Qd4 f5 19. Rae1 Be7 20. Rxe4 fxe4 21. Qxe4 Qc5+ 22. Kh1 0-0-0 23. Nxe7+ Kb8 24. Nd5 Qb5 25. c4 Qa5 26. h3 Qxa2 27. Qe7 Rc8 28. Qxd6+ Ka8 29. Nc7+ 1-0

[Event "Vojvodina-chT"]
[Site "Kac"]
[Date "2014.11.12"]
[Round "7.1"]
[White "Juhasz, Bencze"]
[Black "Djurnic, Strahinja"]
[Result "1/2-1/2"]
[WhiteElo "2145"]
[BlackElo "2048"]
[PlyCount "145"]
[EventDate "2014.11.08"]
[EventType "team-tourn"]
[EventRounds "11"]
[EventCountry "SRB"]
[SourceTitle "EXT 2017"]
[Source "ChessBase"]
[SourceDate "2016.10.25"]
[SourceVersion "1"]
[SourceVersionDate "2016.10.25"]
[SourceQuality "1"]

1. e4 e6 2. d4 d5 3. Nd2 dxe4 4. Nxe4 Bd7 5. Nf3 Bc6 6. Bd3 Nd7 7. Qe2 Bxe4 8. Bxe4 c6 9. c3 Ngf6 10. Bc2 Qc7 11. 0-0 Bd6 12. Re1 Bf4 13. Ne5 Bxc1 14. Raxc1 0-0 15. Qd3 Rad8 16. Qh3 c5 17. Nf3 cxd4 18. Nxd4 Qa5 19. b4 Qh5 20. Qxh5 Nxh5 21. Be4 Nf4 22. g3 Nd5 23. a3 N7f6 24. Bg2 Rd7 25. Nb3 b6 26. h3 Rfd8 27. Kf1 b5 28. Nc5 Rc7 29. Red1 Rdc8 30. c4 bxc4 31. Rxc4 a5 32. Rcd4 axb4 33. axb4 Nxb4 34. Rd8+ Ne8 35. Ne4 Nd5 36. Rxc8 Rxc8 37. Ra1 h6 38. Ra7 Ndf6 39. Ke2 Nxe4 40. Bxe4 Nd6 41. Bd3 Ne8 42. Ke3 Nf6 43. Be4 g5 44. Bf3 Rc3+ 45. Ke2 Kg7 46. Rb7 Rc4 47. Ke3 h5 48. Rb5 Rc3+ 49. Ke2 Kg6 50. Ra5 g4 51. hxg4 Nxg4 52. Bxg4 hxg4 53. Rb5 f5 54. Rb8 Kf6 55. Rb5 Rc2+ 56. Ke3 Rc1 57. Ke2 Rc4 58. Ra5 Rd4 59. Rb5 Rd5 60. Rb4 Ke5 61. Rc4 Rd4 62. Rc3 Ke4 63. Re3+ Kd5 64. Ra3 e5 65. Rb3 f4 66. gxf4 exf4 67. Rb8 Re4+ 68. Kf1 Kc4 69. Rg8 f3 70. Kg1 Kd3 71. Kh2 Ke2 72. Kg3 Kf1 73. Rb8 1/2-1/2

[Event "Senta op 18th"]
[Site "Senta"]
[Date "2014.07.24"]
[Round "7"]
[White "Juhasz, Bencze"]
[Black "Andrijevic, Milan"]
[Result "0-1"]
[WhiteElo "2033"]
[BlackElo "2336"]
[PlyCount "62"]
[EventDate "2014.07.19"]
[EventType "swiss"]
[EventRounds "9"]
[EventCountry "SRB"]
[SourceTitle "CBM 161 Extra"]
[Source "ChessBase"]
[SourceDate "2014.08.29"]
[SourceVersion "1"]
[SourceVersionDate "2014.08.29"]
[SourceQuality "1"]

1. e4 c5 2. Nf3 e6 3. d4 cxd4 4. Nxd4 a6 5. Bd3 Nf6 6. c4 d6 7. 0-0 Be7 8. Nc3 Nc6 9. Be3 0-0 10. f4 Bd7 11. Rc1 Nxd4 12. Bxd4 Bc6 13. Kh1 Nd7 14. Nd5 exd5 15. exd5 Bxd5 16. cxd5 Bf6 17. Qh5 g6 18. Bxf6 Qxf6 19. Qh3 Nc5 20. Bb1 a5 21. f5 g5 22. Rc4 Rae8 23. Rg4 h6 24. Qg3 Kh8 25. h4 Rg8 26. Qh2 Re2 27. Qh3 Nd7 28. hxg5 Rxg5 29. Rc1 Kg7 30. Bd3 Re8 31. Bb5 Qxb2 0-1

[Event "Vojvodina-ch 5th"]
[Site "Novi Sad"]
[Date "2014.07.15"]
[Round "5"]
[White "Juhasz, Bencze"]
[Black "Cengija, Vanja"]
[Result "0-1"]
[WhiteElo "2033"]
[BlackElo "2263"]
[PlyCount "66"]
[EventDate "2014.07.12"]
[EventType "swiss"]
[EventRounds "9"]
[EventCountry "YUG"]
[SourceTitle "CBM 161 Extra"]
[Source "ChessBase"]
[SourceDate "2014.08.29"]
[SourceVersion "1"]
[SourceVersionDate "2014.08.29"]
[SourceQuality "1"]

1. e4 d6 2. d4 Nf6 3. Bd3 e5 4. d5 Be7 5. h3 Nbd7 6. c4 0-0 7. Nc3 Nc5 8. g4 Ne8 9. Nf3 c6 10. Be3 Nxd3+ 11. Qxd3 Nc7 12. a4 Na6 13. a5 c5 14. Kf1 Bd7 15. Qe2 b6 16. axb6 axb6 17. Kg2 Qc8 18. Nd2 g6 19. Bh6 Re8 20. Nf1 Nc7 21. Ne3 Bf8 22. Rxa8 Qxa8 23. Bxf8 Rxf8 24. h4 Ne8 25. h5 Qd8 26. Qf3 Qg5 27. Qg3 Nf6 28. Kf3 Kh8 29. Ne2 Ra8 30. Ng1 gxh5 31. gxh5 Qh6 32. Qh4 Rg8 33. Ke2 Rg5 0-1

[Event "HUN-ch U18"]
[Site "Balatonlelle"]
[Date "2014.06.27"]
[Round "8"]
[White "Juhasz, Bencze"]
[Black "Csonka, Balazs"]
[Result "0-1"]
[WhiteElo "1833"]
[BlackElo "2361"]
[PlyCount "150"]
[EventDate "2014.06.20"]
[EventType "swiss"]
[EventRounds "9"]
[EventCountry "HUN"]
[SourceTitle "EXT 2024"]
[Source "ChessBase"]
[SourceDate "2023.10.10"]
[SourceVersion "1"]
[SourceVersionDate "2023.10.10"]
[SourceQuality "1"]

1. d4 Nf6 2. Nc3 d5 3. Bg5 Nbd7 4. Nf3 g6 5. e3 Bg7 6. Bd3 c5 7. 0-0 0-0 8. Re1 Re8 9. Rb1 e6 10. Ne5 Qc7 11. Bb5 Rf8 12. Nxd7 Bxd7 13. Bxd7 Nxd7 14. Bf4 Qc6 15. Ne2 cxd4 16. exd4 Qa4 17. a3 Rfc8 18. c3 Qxd1 19. Rexd1 b5 20. Nc1 Bf8 21. Nd3 a5 22. Ne5 Nb6 23. g3 Nc4 24. Nxc4 bxc4 25. Rbc1 a4 26. Rc2 Ra6 27. Re1 f6 28. Rce2 Kf7 29. h4 h6 30. g4 g5 31. Bg3 gxh4 32. Bxh4 Rb8 33. Bg3 Rb7 34. Bf4 Rab6 35. Bc1 Bg7 36. Kg2 e5 37. dxe5 fxe5 38. f4 exf4 39. Rf1 Rf6 40. Ref2 Kg6 41. Rxf4 Rxf4 42. Rxf4 Re7 43. Kf2 Bf6 44. Rf5 d4 45. cxd4 Bxd4+ 46. Kf3 Rb7 47. Rf4 Rb3+ 48. Kg2 Bxb2 49. Rxc4 Bxc1 50. Rxc1 Rxa3 51. Rc5 Rb3 52. Ra5 a3 53. Kh2 Rb2+ 54. Kg3 a2 55. Kf4 Kf6 56. Ra6+ Ke7 57. Kf5 Rg2 58. Ke5 Kd7 59. Kd5 Kc7 60. Kc5 Kb7 61. Ra4 Rf2 62. Ra3 Re2 63. Kb5 Kc7 64. Kc5 Rc2+ 65. Kd4 Kc6 66. Ra4 Kb5 67. Ra8 Kb4 68. Kd3 Rc3+ 69. Kd4 Ra3 70. Rb8+ Ka4 71. Kc4 Rc3+ 72. Kd4 Rc1 73. Ra8+ Kb3 74. Rb8+ Kc2 75. Rc8+ Kd2 0-1

[Event "HUN-ch U18"]
[Site "Balatonlelle"]
[Date "2014.06.21"]
[Round "2"]
[White "Juhasz, Bencze"]
[Black "Vitalyos, Marton"]
[Result "0-1"]
[WhiteElo "1833"]
[BlackElo "2046"]
[PlyCount "102"]
[EventDate "2014.06.20"]
[EventType "swiss"]
[EventRounds "9"]
[EventCountry "HUN"]
[SourceTitle "EXT 2024"]
[Source "ChessBase"]
[SourceDate "2023.10.10"]
[SourceVersion "1"]
[SourceVersionDate "2023.10.10"]
[SourceQuality "1"]

1. e4 g6 2. Nf3 Bg7 3. d4 c5 4. c3 cxd4 5. Nxd4 d6 6. Bb5+ Bd7 7. Bxd7+ Nxd7 8. Be3 Ngf6 9. Nd2 d5 10. exd5 Nxd5 11. Nc2 0-0 12. 0-0 Qc7 13. Ne4 Qc6 14. Qc1 f5 15. Ng5 f4 16. Bd2 e5 17. Rd1 Rf5 18. Nf3 g5 19. h3 h5 20. Nb4 Nxb4 21. cxb4 e4 22. Ne1 Qe6 23. Bc3 Rc8 24. Qd2 Nb6 25. Bxg7 Kxg7 26. a3 Rd5 27. Qe2 g4 28. hxg4 hxg4 29. Rxd5 Nxd5 30. Rd1 Nf6 31. Qd2 e3 32. fxe3 fxe3 33. Qd6 e2 34. Rd3 Qxd6 35. Rxd6 Rc1 36. Re6 Rxe1+ 37. Kf2 Rd1 38. Kxe2 Rd7 39. Re5 Kf7 40. Rc5 Ke6 41. Ke3 b6 42. Rg5 Rc7 43. Kd3 Rh7 44. Ke2 Rh2 45. Kf1 Rh1+ 46. Ke2 Rb1 47. Rg7 Rxb2+ 48. Kf1 a5 49. bxa5 bxa5 50. Rg5 Nd5 51. Rxg4 Ne3+ 0-1

[Event "SRB-ch U16"]
[Site "Vrnjacka Banja"]
[Date "2013.05.06"]
[Round "9"]
[White "Juhasz, Bencze"]
[Black "Ilincic, Aleksa"]
[Result "1-0"]
[WhiteElo "2021"]
[BlackElo "1915"]
[PlyCount "53"]
[EventDate "2013.04.30"]
[EventType "swiss"]
[EventRounds "9"]
[EventCountry "SRB"]
[SourceTitle "CBM 154 Extra"]
[Source "ChessBase"]
[SourceDate "2013.06.25"]
[SourceVersion "2"]
[SourceVersionDate "2013.06.25"]
[SourceQuality "1"]

1. e4 e5 2. Nf3 Nf6 3. d4 Nxe4 4. Bd3 d5 5. Nxe5 Nd7 6. Nxd7 Bxd7 7. 0-0 Qh4 8. c4 0-0-0 9. c5 g5 10. Nc3 f5 11. Qb3 c6 12. f3 Ng3 13. Be3 Nxf1 14. Bxf1 f4 15. Bf2 Qh5 16. a4 Kc7 17. a5 Rb8 18. Ra4 Be7 19. Rb4 g4 20. fxg4 Qxg4 21. Na4 Bh4 22. Bxh4 Qxh4 23. Nc3 Qe1 24. a6 bxa6 25. Qa3 Rxb4 26. Qxb4 f3 27. Nxd5+ 1-0